Reflexiones acerca del mal extraordinario que en el día aflije a la Inglaterra y que más o menos incomoda ya a las naciones más industriosas de la Europa / (Record no. 54300)

MARC details
000 -LEADER
campo de control de longitud fija 00985nam a2200217 i 4500
001 - NÚMERO DE CONTROL
campo de control 54300
003 - IDENTIFICADOR DE NÚMERO DE CONTROL
campo de control ES-MaACL
005 - FECHA Y HORA DE LA ÚLTIMA TRANSACCIÓN
campo de control 20230906162931.0
007 - CAMPO FIJO DE DESCRIPCIÓN FÍSICA--INFORMACIÓN GENERAL
campo de control de longitud fija t|
008 - DATOS DE LONGITUD FIJA--INFORMACIÓN GENERAL
campo de control de longitud fija 960719s1828 xxk |||| | spa d
100 1# - ENTRADA PRINCIPAL--NOMBRE DE PERSONA
Nombre de persona Flórez Estrada, Álvaro.
9 (RLIN) 151173
245 10 - MENCIÓN DEL TÍTULO
Título Reflexiones acerca del mal extraordinario que en el día aflije a la Inglaterra y que más o menos incomoda ya a las naciones más industriosas de la Europa /
Mención de responsabilidad, etc. por Don Álvaro Flórez Estrada.
250 ## - MENCION DE EDICION
Mención de edición 3ª ed. correjida [sic].
260 ## - PUBLICACIÓN, DISTRIBUCIÓN, ETC.
Lugar de publicación, distribución, etc. Londres :
Nombre del editor, distribuidor, etc. [s.n.],
Fecha de publicación, distribución, etc. 1828 (
Fabricante Imp. española de M. Calero)
300 ## - DESCRIPCIÓN FÍSICA
Extensión 69 p. ;
Dimensiones 19 cm.
530 ## - NOTA DISPONIBLE DE FORMULARIO FÍSICO ADICIONAL
Nota de formato físico adicional disponible Disponible en formato digital.
651 #4 - PUNTO DE ACCESO ADICIONAL DE MATERIA--NOMBRE GEOGRÁFICO
Nombre geográfico Gran Bretaña-
Subdivisión general Historia-
Subdivisión cronológica S.XIX.
9 (RLIN) 149699
700 1# - ENTRADA AGREGADA--NOMBRE PERSONAL
Nombre de persona Calero y Portocarrero, Marcelino.
9 (RLIN) 33663
852 4# - LOCALIZACIÓN
Ubicación ES-MaACL
Número de control de estantería T-13-F-6
Nota libre - Donat. Ángel Calderón de la Barca (Actas del Ateneo, junta 9 de abril de 1844)
856 4# - LOCALIZACIÓN Y ACCESO ELECTRÓNICOS
Identificador Uniforme de Recursos <a href="http://bdh-rd.bne.es/viewer.vm?id=0000112301&page=1 ">http://bdh-rd.bne.es/viewer.vm?id=0000112301&page=1 </a>
Nota pública Biblioteca Digital Hispánica
Holdings
Estatus retirado Estado de pérdida Estado de daño No para préstamo Colección Biblioteca de origen Biblioteca actual Ubicación en estantería Fecha de adquisición Fuente de adquisición Total de préstamos Signatura topográfica completa Código de barras Visto por última vez Precio de reemplazo Tipo de ítem Koha
        Colección de folletos Biblioteca del Ateneo de Madrid Biblioteca del Ateneo de Madrid Depósito folletos 17/01/2008     T-13-F-6 1057063 23/02/2023 23/02/2023 Folleto